000 01211nam a22001697a 4500
003 SPCLIB
005 20260427104329.0
008 260427b |||||||| |||| 00| 0 eng d
040 _c..
100 _aSamijon, Joey O.
245 _aABSENTEEISM AND PARENTAL INVOLVEMENT AT HOME AND PUPILS' LEARNING OUTCOMES
_cJoey O. Samijon
260 _c2021.
300 _a44 pages:
_bcolored illustrations:
520 _aThis study was taken to investigate the concomitance of absenteeism, parental involvement and the pupils' learning outcome. Specifically, this sough to: (1) assess the extent of absenteeism among public school pupils and the parental involvement in pupils' outcomes; (2) determine the level of pupils' learning outcomes when categorized as Outstanding, Very Satisfactory, Fairly Satisfactory, and Did not Meet Expectations; and (3) find the relationship between the level of learning outcomes and extent of absenteeism and parental involvement in the education of public school pupils.
650 _2ABSENTEEISM AND PARENTAL INVOLVEMENT AT HOME AND PUPILS' LEARNING OUTCOMES
_aABSENTEEISM AND PARENTAL INVOLVEMENT AT HOME AND PUPILS' LEARNING OUTCOMES-PHILIPPINES
942 _cBOOKS
_iTHESES BOOK
999 _c87
_d87